000 01306cam a22002531ia4500
003 SA-RiAUC
005 20241121074244.0
008 241121s1978 le g 000 0 ara c
040 _aSA-MuMU
_bara
_cSA-RiAUC
_erda
082 0 4 _a258.2
_qSA-RiAUC
090 _a258.2
_bا م ا
100 1 _aالإمام مالك، مالك بن أنس بن مالك،
_d93-179 هجري
_eمؤلف.
245 1 2 _aالمدونة الكبرى /
_cتأليف أبي عبد الله مالك بن أنس بن مالك. ومعها، مقدمات ابن رشد لبيان ما اقتضته المدونة من الأحكام / لأبي الوليد محمد بن أحمد بن محمد بن رشد.
264 1 _aبيروت :
_bدار الفكر،
_c1978
300 _a4 مجلد (434 ؛ 413 ؛ 476 ؛ 416) ؛
_c30 سم
336 _aنص
_btxt
_2rdacontent
_3كتاب
337 _aبدون وسيط
_bn
_2rdamedia
338 _aمجلد
_bnc
_2rdacarrier
650 7 _aالفقه المالكي
_2aucsh
650 7 _aالفقه الإسلامي
_xمذاهب
_2aucsh
700 1 2 _iمع (عمل) :
_aابن رشد، محمد بن أحمد (الجد)،
_d450-520 هجري
_tمقدمات ابن رشد لبيان ما اقتضته المدونة من الأحكام
942 _2ddc
_cBOOK
949 _aSA-JeALM
_d241121
_ukhaled123
_n1
999 _c2622
_d2622